000 00354nam a2200145Ia 4500
008 230917s9999||||xx |||||||||||||| ||und||
040 _e81473
_aMAIN
041 _aEnglish
082 _a342 Y21P
100 _aYadley, D C M
245 0 _aPrincipal of administration law
260 _aLondon
_bButterworths
_c1981
300 _axx, 238 p.
942 _cBK
999 _c222274
_d222274